Filme/Serien an Emotionalen Szenen - Statistiken

Allgemein
  • Dieses Quiz wurde 352 mal gespielt
  • Das Durchschnittsergebnis liegt bei 9 aus 16
Antwortstatistiken
Bildquiz Antwort % Korrekt
Harry Potter und der Orden des Phoenix
95%
Oben
91%
Titanic
89%
Pokemon
79%
Avengers Endgame
72%
Fast & Furious 7
67%
Alles Steht Kopf
59%
Spongebob Schwammkopf
57%
The Green Mile
55%
Squid Game
54%
Christopher Robin
46%
Game Of Thrones
45%
Der Hobbit: Die Schlacht der Fünf Heere
44%
The Amazing Spider-Man 2: Rise Of Electron
29%
The Last Of Us
23%
The Dark Knight Rises
21%
Keine übereinstimmenden Quizze gefunden
Verteilung der Resultate
Anzahl Personen mit jedem Resultat
Perzentil nach korrekt beantworteten Fragen
Ihre Resultats-Entwicklung
Sie haben dieses Quiz noch nicht gespielt